| 000 | 01630nam a2200337 i 4500 | ||
|---|---|---|---|
| 003 | EG-GICUC | ||
| 005 | 20260420203433.0 | ||
| 008 | 260227s1975 ua |||fr|||| 00| 0 ara d | ||
| 017 | _a214/1975 | ||
| 040 |
_a EG-GICUC _bara _c EG-GICUC _d EG-GICUC _erda |
||
| 041 | 0 | _aAra | |
| 082 | 0 | 4 |
_221 _a343.3 _bق ا |
| 092 | 0 | 4 | _221 |
| 099 | _aLaw1 10 343.3 ق ا 1975 | ||
| 245 | 0 | 0 | _aقانون الإجراءات الجنائية والقوانين والقرارات المكملة له. |
| 264 | 3 |
_a[مكان النشر غير محدد] : _bدار الطباعة الحديثة، _c1975. |
|
| 300 |
_a256 ؛صفحة _c24 سم. |
||
| 336 |
_2rda content _atext |
||
| 337 |
_2rda media _aComputer |
||
| 338 |
_2rda carrier _aOnline Resource |
||
| 490 | _aالمحاماه | ||
| 500 | _aيشتمل هذا الملحق على : قانون الإجراءات الجنائية القانون 57 لسنة 1959 بشأن حالات وإجراءات الطعن أمام محكمة النقض فى المواد الجزائية القانون 162 لسنة 1958 المعدل بالقانون لسنة 1967 بشأن حالة الطوارئ تشريعات أخرى خاصة بأمن الدولة. | ||
| 505 | _aملحق العددين الخامس والسادس للسنة الرابعة والخمسين | ||
| 546 | _aالنص باللغة العربية | ||
| 650 | 1 |
_aقانون الإجراءات الجنائية _2qrmak |
|
| 650 | 1 |
_aالقانون الجنائى _2qrmak |
|
| 651 | 1 | _2qrmak | |
| 856 | 4 | 0 | _uhttps://fll.law.cu.edu.eg/fulltext/bks/B10-08803.pdf |
| 905 |
_a54 _eYara |
||
| 942 |
_2ddc _cBK _e21 _n0 |
||
| 999 |
_c64301 _d64301 |
||